The IBM way
| Main Author: | |
|---|---|
| Other Authors: | |
| Format: | Book |
| Published: |
Britain :
Fontana ,
1989
|
| Subjects: |
MARC
| LEADER | 00000cam a2200000 7i4500 | ||
|---|---|---|---|
| 001 | 0000004805 | ||
| 002 | 000005180 | ||
| 005 | 20000330.0 | ||
| 020 | |a 0006374360 | ||
| 090 | 0 | 0 | |a 650.1 |b ROD |
| 100 | 1 | |a Rodgers, Buck | |
| 245 | 1 | 4 | |a The IBM way |c Buck Rodgers with Robert Shook |
| 260 | |a Britain : |b Fontana , |c 1989 | ||
| 300 | |a 254p. ; |c 18cm. | ||
| 650 | 0 | 0 | |a Success in business |
| 700 | 0 | |a Shook, Robert L | |
| 999 | |a 035459 |b BUKU |c PINJAMAN |e PERPUSTAKAAN KOMUNITI PETALING JAYA | ||